Exploring the influence of perceived leadership style on job satisfaction : a case study of ZESCO – Kitwe and Ndola districts (Record no. 85081)

MARC details
000 -LEADER
fixed length control field 00872 a2200253 4500
003 - CONTROL NUMBER IDENTIFIER
control field CBULib
005 - DATE AND TIME OF LATEST TRANSACTION
control field 20240628104121.0
008 - FIXED-LENGTH DATA ELEMENTS--GENERAL INFORMATION
fixed length control field 240628b |||||||| |||| 00| 0 eng d
040 ## - CATALOGING SOURCE
Original cataloging agency CBULib
Language of cataloging English
Transcribing agency CBULib
Description conventions rda
041 ## - LANGUAGE CODE
Language code of text/sound track or separate title eng
050 ## - LIBRARY OF CONGRESS CALL NUMBER
Classification number CBU-PG THESIS/MOF
100 ## - MAIN ENTRY--PERSONAL NAME
Personal name Mofya, Joseph Kunda
245 ## - TITLE STATEMENT
Title Exploring the influence of perceived leadership style on job satisfaction : a case study of ZESCO – Kitwe and Ndola districts
Statement of responsibility, etc / by Joseph Kunda Mofya
260 ## - PUBLICATION, DISTRIBUTION, ETC. (IMPRINT)
Name of publisher, distributor, etc Copperbelt University,
Date of publication, distribution, etc 2023.
Place of publication, distribution, etc Kitwe :
300 ## - PHYSICAL DESCRIPTION
Extent x, 88 pages : illustrations
336 ## - CONTENT TYPE
Source rdacontent
Content type term Text |
Content type code txt
337 ## - MEDIA TYPE
Source rdamedia
Media type term Unmediated |
Media type code n
338 ## - CARRIER TYPE
Source rdacarrier
Carrier type term Volume
Carrier type code nc
504 ## - BIBLIOGRAPHY, ETC. NOTE
Bibliography, etc includes references
650 #0 - SUBJECT ADDED ENTRY--TOPICAL TERM
9 (RLIN) 3039
Topical term or geographic name as entry element JOB SATISFACTION
650 #0 - SUBJECT ADDED ENTRY--TOPICAL TERM
9 (RLIN) 3041
Topical term or geographic name as entry element JOB SATISFACTION--CASE STUDIES
650 #0 - SUBJECT ADDED ENTRY--TOPICAL TERM
9 (RLIN) 2395
Topical term or geographic name as entry element LEADERSHIP STYLE
942 ## - ADDED ENTRY ELEMENTS (KOHA)
Source of classification or shelving scheme
Koha item type UNIVERSITY COLLECTION
Holdings
Withdrawn status Lost status Source of classification or shelving scheme Damaged status Not for loan Collection code Permanent Location Current Location Shelving location Date acquired Source of acquisition Total Checkouts Full call number Barcode Date last seen Copy number Price effective from Koha item type
          Special Collections CBU-MAIN LIBRARY, KITWE. CBU-MAIN LIBRARY, KITWE. Special Collections 06/28/2024 DEP-CBU   CBU-PG THESIS/MOF B85081 06/28/2024 1 06/28/2024 UNIVERSITY COLLECTION